| 000 | 01089nam a22003257a 4500 | ||
|---|---|---|---|
| 001 | BR6007486 | ||
| 003 | BR-BrBNA | ||
| 005 | 20230928083300.0 | ||
| 007 | ta | ||
| 008 | 230509b bl.||||| |||| 00| 0 por d | ||
| 040 |
_aBR-BrBNA _bpor _cBiblioteca Nacional de Agricultura |
||
| 041 | _a(Por) | ||
| 072 |
_aL70; L00 _b5212 |
||
| 090 | _ 5212 BR6007486 | ||
| 100 | 1 | _aHardman, E. | |
| 110 | 1 |
_aUniversidade Rural do Estado de Minas Gerais, Belo Horizonte (Brasil) _0Tese (Catedra) _911278 |
|
| 245 | 1 | _aContribuicao para o estudo de termometria dos novilhos de campo abatidos para o consumo. Possibilidade da utilizacao dos dados termometricos postmortais, como informacao para o julgamento das carcacas | |
| 260 | 3 |
_aSao Paulo, SP (Brasil): _bUniversidade de Sao Paulo, _c1957. |
|
| 300 | _a81 p. | ||
| 500 | _aBibliography p. 77-81 (68 ref.) | ||
| 650 | _aVeterinaria | ||
| 650 | _aBovino | ||
| 650 | _aCarne | ||
| 650 | _aCarcaca | ||
| 650 | _aAbate | ||
| 650 | _aTemperatura | ||
| 650 | _aInspecao sanitaria | ||
| 909 |
_a202309 _bLucia _c55 _dLucia Elande |
||
| 942 | _cBK | ||
| 999 |
_c12571 _d12571 |
||